000 01740nam a22003017a 4500
001 7337
003 FISKH
005 20250710080750.0
008 250710b cb ||||| |||| 00| 0 eng d
020 _a0439148022
040 _aFISKH
_beng
_cFISKH
_dFISKH
050 _aPZ7.C5792 B
082 _a813.54
100 _aCleary, Beverly
_d(1916–2021)
245 _aBeezus and Ramona /
_cBeverly Cleary ; Illustrated by Louis Darling
250 _aThis edition first published in 2000
260 _aNew York :
_bScholastic,
_c1955
300 _a159 pages :
_billustrations ;
_c20 cm
505 _aL
520 _aJuvenile Fiction. Juvenile Literature. Humor (Fiction.) HTML:Newbery Award winner Beverly Cleary delivers a humorous portrayal of the ups and downs of sisterhood. Both the younger and older siblings of the family will enjoy this book. Having a little sister like four-year-old Ramona isn't always easy for Beezus Quimby. With a wild imagination, disregard for order, and an appetite for chaos, Ramona makes it hard for Beezus to be the responsible older sister she knows she ought to be...especially when Ramona threatens to ruin Beezus's birthday party. Will Beezus find the patience to handle her little sister before Ramona turns her big day into a complete disaster? "An important reminder of the good that can come when you throw yourself fully into any situation and draw outside the lines," says Brightly in their article "12 Girls from Fiction Who Are Their Own Heroes."
521 8 _a520
_bLexile
521 8 _aL
_bRaz-Plus
650 _2Beverly Cleary
_aRamona Quimby
650 _2Realistic fiction
_aSiblings
700 _aDarling, Louis
_dillustrator
942 _2ddc
_cBK
_n0
999 _c7337
_d7337